00509nam a2200169Ia 450000500170000000800410001702000150005808200130007310000160008624500430010226000440014530000130018950000230020294200060022595200930023199900150032420241217023422.0240331s9999 xx 000 0 und d a0704338246 bWARa823 aWarner, S.T 0aLolly Willowesbor the Loving Huntsman aLondonbThe Women's Press Limitedc1978 a246 P ., aA Adventure novel  cL 001040708LaWERCLbWERCLcSSCd2024-03-31l0o 823 WARp90r2024-03-31w2024-03-31yL c3409d3409